000 00712nam a2200289Ia 4500
005 20260324121118.0
008 008 260324s9999 xx 000 0 eng d
020 _a9780429255861
037 _aEBOOK
040 _aCRL
040 _beng
040 _cCRL
041 _2eng
041 _aeng
084 _qCRL
100 _aBarry L. Cross; M. Kathryn Brohman
_91161235
245 0 _aProject Leadership
245 0 _bCreating Value with an Adaptive Project Organization
260 _bTaylor and Francis
260 _c2014
365 _a
365 _b82.99
856 _uhttp://www.taylorfrancis.com/books/9780429255861
942 _cEBOOK
999 _c1753135
_d1753135